Comercio exterior de Costa Rica, 1967
Đã lưu trong:
| Tác giả của công ty: | |
|---|---|
| Định dạng: | Texto |
| Được phát hành: |
San José:
DGEC. Sección de Publicaciones
|
| Các nhãn: |
Thêm thẻ
Không có thẻ, Là người đầu tiên thẻ bản ghi này!
|
MARC
| LEADER | 00000 a a2200000 04500 | ||
|---|---|---|---|
| 001 | 17313 | ||
| 003 | |||
| 040 | |a CRAI/IIS |c CRAI/IIS | ||
| 090 | |a 029000 | ||
| 110 | |a Costa Rica. Ministerio de Economía, Industria y Comercio. Dirección General de Estadística y Censos | ||
| 245 | |a Comercio exterior de Costa Rica, 1967 | ||
| 260 | |a San José: |b DGEC. Sección de Publicaciones | ||
| 300 | |a 423 p | ||
| 300 | |b **no definido** | ||
| 999 | |c 15402 |d 15402 | ||
